[Event "SVK-chT2B 2324"]
[Site "Slovakia"]
[Date "2023.12.02"]
[Round "5.5"]
[White "Kovarikova, Maria"]
[Black "Nemeth, Daniel"]
[Result "1-0"]
[WhiteElo "1917"]
[BlackElo "1900"]
[PlyCount "31"]
[EventDate "2023.10.07"]
[EventType "team-tourn"]
[EventRounds "11"]
[EventCountry "SVK"]
[SourceTitle "EXT 2025"]
[Source "ChessBase"]
[SourceDate "2024.10.14"]
[SourceVersion "1"]
[SourceVersionDate "2024.10.14"]
[SourceQuality "1"]
[WhiteTeam "Batorove Kosihy"]
[BlackTeam "Nove Zamky"]
[WhiteTeamCountry "SVK"]
[BlackTeamCountry "SVK"]

1. e4 e5 2. Nf3 Nf6 3. Nc3 Bb4 4. Bc4 d6 5. h3 h6 6. 0-0 Nc6 7. Re1 0-0 8. Nd5 Bc5 9. c3 Nxd5 10. Bxd5 Qf6 11. d4 exd4 12. Bxc6 bxc6 13. cxd4 Bb4 14. Re3 Be6 15. Qa4 c5 16. d5 1-0

[Event "SVK-chT2B 2324"]
[Site "Slovakia"]
[Date "2023.11.11"]
[Round "3.7"]
[White "Nemeth, Daniel"]
[Black "Chovanec, Milan"]
[Result "0-1"]
[WhiteElo "1919"]
[BlackElo "2074"]
[PlyCount "50"]
[EventDate "2023.10.07"]
[EventType "team-tourn"]
[EventRounds "11"]
[EventCountry "SVK"]
[SourceTitle "EXT 2025"]
[Source "ChessBase"]
[SourceDate "2024.10.14"]
[SourceVersion "1"]
[SourceVersionDate "2024.10.14"]
[SourceQuality "1"]
[WhiteTeam "Nove Zamky"]
[BlackTeam "Povazske Podhradie"]
[WhiteTeamCountry "SVK"]
[BlackTeamCountry "SVK"]

1. e4 c5 2. Nc3 e6 3. g3 Nc6 4. Bg2 Nf6 5. d3 Be7 6. Nge2 0-0 7. 0-0 Rb8 8. h3 b5 9. Be3 b4 10. Na4 Qa5 11. b3 d5 12. Bg5 h6 13. Bxf6 Bxf6 14. Rb1 Rd8 15. exd5 exd5 16. Nf4 Ne7 17. Re1 Rb7 18. Qd2 Rbd7 19. Rbd1 Bb7 20. Qc1 Bc6 21. Qb1 Bxa4 22. bxa4 Qxa4 23. Qb3 Qxb3 24. axb3 Bc3 25. Re2 Nf5 0-1

[Event "SVK-chT2B 2223"]
[Site "Slovakia"]
[Date "2022.11.12"]
[Round "3.5"]
[White "Nemeth, Daniel"]
[Black "Beres, Dominik"]
[Result "0-1"]
[WhiteElo "1944"]
[BlackElo "1997"]
[PlyCount "80"]
[EventDate "2022.10.08"]
[EventType "team-tourn"]
[EventRounds "11"]
[EventCountry "SVK"]
[SourceTitle "EXT 2024"]
[Source "ChessBase"]
[SourceDate "2023.10.10"]
[SourceVersion "1"]
[SourceVersionDate "2023.10.10"]
[SourceQuality "1"]
[WhiteTeam "Nove Zamky"]
[BlackTeam "Tlmace"]
[WhiteTeamCountry "SVK"]
[BlackTeamCountry "SVK"]

1. e4 c6 2. d4 d6 3. Nf3 Qc7 4. Bf4 Nd7 5. e5 d5 6. Qd2 e6 7. Bd3 Ne7 8. c3 c5 9. Na3 a6 10. Rc1 c4 11. Bb1 b5 12. h4 Nc6 13. Nc2 a5 14. Ne3 Nb6 15. Ng5 h6 16. Nh3 b4 17. Qe2 bxc3 18. bxc3 Ba3 19. Rc2 Na4 20. Qg4 Ba6 21. 0-0 Qd7 22. Qxg7 0-0-0 23. Qg4 Rdg8 24. Qh5 Nxc3 25. Rxc3 Bb4 26. Rfc1 Nxd4 27. Bg3 Bxc3 28. Rxc3 Qb7 29. Bd3 Qb2 30. Rc2 Nxc2 31. Bxc2 d4 32. Qxf7 dxe3 33. Qxe6+ Kb7 34. Be4+ Ka7 35. Qe7+ Bb7 36. Bxb7 Qxb7 37. Qc5+ Qb6 38. Qe7+ Ka8 39. Kh2 Rxg3 40. fxg3 e2 0-1

[Event "SVK-chT2B 1920"]
[Site "Slovakia"]
[Date "2020.01.26"]
[Round "7.4"]
[White "Nemeth, Daniel"]
[Black "Berek, Geza"]
[Result "0-1"]
[WhiteElo "1973"]
[BlackElo "2157"]
[PlyCount "74"]
[EventDate "2019.10.26"]
[EventType "team-tourn"]
[EventRounds "11"]
[EventCountry "SVK"]
[SourceTitle "CBM 194 Extra"]
[Source "ChessBase"]
[SourceDate "2020.03.31"]
[SourceVersion "1"]
[SourceVersionDate "2020.03.31"]
[SourceQuality "1"]
[WhiteTeam "Nove Zamky"]
[BlackTeam "Levice"]
[WhiteTeamCountry "SVK"]
[BlackTeamCountry "SVK"]

1. e4 g6 2. d4 Bg7 3. Nf3 d6 4. Bc4 Nf6 5. Nc3 Nc6 6. h3 0-0 7. Bb3 e5 8. dxe5 dxe5 9. Qxd8 Rxd8 10. 0-0 h6 11. Be3 b6 12. Rad1 Ba6 13. Rfe1 Bb7 14. Bd5 Nxd5 15. Nxd5 Rac8 16. Rd2 Kf8 17. Red1 Rd7 18. b3 Rcd8 19. Kf1 f5 20. exf5 gxf5 21. Nxc7 Rxc7 22. Rxd8+ Nxd8 23. Rxd8+ Ke7 24. Rg8 Kf7 25. Rd8 Bf6 26. Rd2 f4 27. Nxe5+ Bxe5 28. Bd4 Ba6+ 29. c4 Rd7 30. Bc3 Rxd2 31. Bxd2 Ke6 32. Ke2 h5 33. a4 Bb7 34. f3 Bc6 35. a5 b5 36. Kd3 bxc4+ 37. Kxc4 a6 0-1

[Event "SVK-chT2B 1920"]
[Site "Slovakia"]
[Date "2019.10.27"]
[Round "2.3"]
[White "Nemeth, Daniel"]
[Black "Urbanic, Martin"]
[Result "0-1"]
[WhiteElo "1973"]
[BlackElo "2031"]
[PlyCount "53"]
[EventDate "2019.10.26"]
[EventType "team-tourn"]
[EventRounds "11"]
[EventCountry "SVK"]
[SourceTitle "CBM 193 Extra"]
[Source "ChessBase"]
[SourceDate "2020.01.31"]
[SourceVersion "1"]
[SourceVersionDate "2020.01.31"]
[SourceQuality "1"]
[WhiteTeam "Nove Zamky"]
[BlackTeam "Povazska Bystrica II"]
[WhiteTeamCountry "SVK"]
[BlackTeamCountry "SVK"]

1. e4 e5 2. Nf3 Nc6 3. d4 exd4 4. Nxd4 Bc5 5. Be3 Bb6 6. Bc4 Nge7 7. Nc3 0-0 8. f4 d6 9. Qd2 Nxd4 10. Bxd4 Bxd4 11. Qxd4 Nc6 12. Qf2 Be6 13. Bb3 Bxb3 14. axb3 f5 15. 0-0-0 fxe4 16. Nxe4 a5 17. Nc3 Qd7 18. Rd5 Qf7 19. g3 a4 20. Rb5 axb3 21. Rxb3 Ra1+ 22. Nb1 Na5 23. Ra3 Rxa3 24. Nxa3 Nc4 25. Nxc4 Qxc4 26. Rd1 Ra8 27. Kd2 0-1

[Event "SVK-chT2B 1819"]
[Site "Slovakia"]
[Date "2019.04.06"]
[Round "10.4"]
[White "Nemeth, Daniel"]
[Black "Krupa, Miroslav"]
[Result "1/2-1/2"]
[WhiteElo "1967"]
[BlackElo "2067"]
[PlyCount "76"]
[EventDate "2018.10.13"]
[EventType "team-tourn"]
[EventRounds "11"]
[EventCountry "SVK"]
[SourceTitle "EXT 2020"]
[Source "ChessBase"]
[SourceDate "2019.10.17"]
[SourceVersion "1"]
[SourceVersionDate "2019.10.17"]
[SourceQuality "1"]
[WhiteTeam "Nove Zamky"]
[BlackTeam "Tlmace"]
[WhiteTeamCountry "SVK"]
[BlackTeamCountry "SVK"]

1. e4 c5 2. Nc3 d6 3. g3 Nc6 4. Bg2 g6 5. Nge2 Bg7 6. d3 e6 7. 0-0 Rb8 8. Be3 Nge7 9. Qd2 0-0 10. Bh6 b5 11. Bxg7 Kxg7 12. a3 a5 13. Rae1 Ba6 14. f4 b4 15. axb4 axb4 16. Nd1 f6 17. Ne3 d5 18. exd5 exd5 19. g4 d4 20. Nc4 Nd5 21. Bxd5 Qxd5 22. b3 Bb7 23. Ng3 Qd7 24. f5 Rbe8 25. Rxe8 Rxe8 26. fxg6 hxg6 27. Qf4 Re6 28. Ne4 Qe7 29. Rf3 Ne5 30. Rh3 Nf7 31. Ncd2 Ng5 32. Nxg5 fxg5 33. Qb8 Re1+ 34. Nf1 Kf6 35. Qh8+ Qg7 36. Qd8+ Qe7 37. Qh8+ Qg7 38. Qd8+ Qe7 1/2-1/2

[Event "SVK-chT2B 1819"]
[Site "Slovakia"]
[Date "2019.03.02"]
[Round "8.5"]
[White "Nemeth, Daniel"]
[Black "Halak, Matej"]
[Result "1/2-1/2"]
[WhiteElo "1962"]
[BlackElo "1997"]
[PlyCount "50"]
[EventDate "2018.10.13"]
[EventType "team-tourn"]
[EventRounds "11"]
[EventCountry "SVK"]
[SourceTitle "CBM 189 Extra"]
[Source "ChessBase"]
[SourceDate "2019.05.31"]
[SourceVersion "1"]
[SourceVersionDate "2019.05.31"]
[SourceQuality "1"]
[WhiteTeam "Nove Zamky"]
[BlackTeam "Trencin"]
[WhiteTeamCountry "SVK"]
[BlackTeamCountry "SVK"]

1. e4 e5 2. Nf3 Nc6 3. d4 exd4 4. Nxd4 Nge7 5. Bc4 d6 6. 0-0 Nxd4 7. Qxd4 Nc6 8. Qc3 Be6 9. Be3 Qf6 10. Qxf6 gxf6 11. Nd2 Bg7 12. c3 Ne5 13. Bb3 f5 14. Bxe6 fxe6 15. exf5 exf5 16. Bd4 Kf7 17. f4 Nd7 18. Nf3 Rhe8 19. Bxg7 Kxg7 20. Nd4 Kf6 21. Rae1 c6 22. Rxe8 Rxe8 23. Rf3 c5 24. Nb5 Re2 25. Rf2 Re1+ 1/2-1/2

[Event "SVK-chT2B 1617"]
[Site "Slovakia"]
[Date "2017.03.11"]
[Round "10.8"]
[White "Nemeth, Daniel"]
[Black "Kovac, Lubomir1"]
[Result "1-0"]
[WhiteElo "1909"]
[BlackElo "1749"]
[PlyCount "73"]
[EventDate "2016.10.08"]
[EventType "team-tourn"]
[EventRounds "11"]
[EventCountry "SVK"]
[SourceTitle "EXT 2018"]
[Source "ChessBase"]
[SourceDate "2017.10.13"]
[SourceVersion "1"]
[SourceVersionDate "2017.10.13"]
[SourceQuality "1"]
[WhiteTeam "Nove Zamky"]
[BlackTeam "Sala Slovan Duslo"]
[WhiteTeamCountry "SVK"]
[BlackTeamCountry "SVK"]

1. e4 e6 2. d3 Nf6 3. Nd2 c5 4. g3 b6 5. Bg2 Bb7 6. Ngf3 Be7 7. 0-0 d6 8. Qe2 Nbd7 9. c3 Rc8 10. Rd1 Qc7 11. h3 0-0 12. g4 h6 13. b3 Rfd8 14. Nf1 Nf8 15. Ng3 Ng6 16. g5 hxg5 17. Bxg5 Nh7 18. Be3 d5 19. exd5 Bxd5 20. c4 Bc6 21. Rac1 Bd6 22. Ne4 Nf4 23. Bxf4 Bxf4 24. Rc2 e5 25. Kh1 Rd7 26. Rg1 Rcd8 27. Ne1 g5 28. h4 f6 29. Qh5 Rg7 30. Bh3 Bxe4+ 31. dxe4 gxh4 32. Be6+ Kf8 33. Ng2 Ng5 34. Qh8+ Ke7 35. Qxg7+ Kxe6 36. Qxc7 Rd7 37. Nxf4+ 1-0

[Event "SVK-chT2B 1617"]
[Site "Slovakia"]
[Date "2017.02.12"]
[Round "9.6"]
[White "Nemeth, Daniel"]
[Black "Mrazik, Vladislav"]
[Result "1-0"]
[WhiteElo "1909"]
[BlackElo "1830"]
[PlyCount "67"]
[EventDate "2016.10.08"]
[EventType "team-tourn"]
[EventRounds "11"]
[EventCountry "SVK"]
[SourceTitle "EXT 2018"]
[Source "ChessBase"]
[SourceDate "2017.10.13"]
[SourceVersion "1"]
[SourceVersionDate "2017.10.13"]
[SourceQuality "1"]
[WhiteTeam "Nove Zamky"]
[BlackTeam "Trencin"]
[WhiteTeamCountry "SVK"]
[BlackTeamCountry "SVK"]

1. e4 e6 2. d3 d5 3. Nd2 c5 4. Ngf3 Nf6 5. g3 Be7 6. Bg2 0-0 7. 0-0 b6 8. e5 Nfd7 9. Qe2 Qc7 10. c4 Bb7 11. Re1 dxc4 12. dxc4 Nc6 13. Nf1 h6 14. h4 Rfd8 15. Bf4 Nf8 16. Rad1 Rxd1 17. Rxd1 Rd8 18. Rxd8 Qxd8 19. Qd2 Qxd2 20. N1xd2 Nb4 21. a3 Nd3 22. Ne1 Nxe1 23. Bxb7 Nd3 24. Be4 Nxf4 25. gxf4 Bxh4 26. Kg2 g5 27. Nf3 Ng6 28. Bxg6 fxg6 29. a4 Bxf2 30. Kxf2 gxf4 31. Nd2 g5 32. Kf3 h5 33. Ne4 g4+ 34. Kxf4 1-0

[Event "SVK-chT2B 1112"]
[Site "Slovakia"]
[Date "2012.01.29"]
[Round "9.6"]
[White "Nikel, Rastislav"]
[Black "Nemeth, Daniel"]
[Result "1-0"]
[WhiteElo "1997"]
[BlackElo "1956"]
[PlyCount "63"]
[EventDate "2011.10.08"]
[EventType "team-tourn"]
[EventRounds "11"]
[EventCountry "SVK"]
[SourceTitle "EXT 2013"]
[Source "ChessBase"]
[SourceDate "2012.11.22"]
[SourceVersion "1"]
[SourceVersionDate "2012.11.22"]
[SourceQuality "1"]
[WhiteTeam "Levice"]
[BlackTeam "Nove Zamky Basta"]
[WhiteTeamCountry "SVK"]
[BlackTeamCountry "SVK"]

1. d4 Nf6 2. Nf3 e6 3. g3 b6 4. Bg2 Bb7 5. 0-0 c5 6. c4 cxd4 7. Nxd4 Bxg2 8. Kxg2 Nc6 9. Nb5 Ne4 10. Bf4 e5 11. Bxe5 Nxe5 12. Qd5 Nc6 13. Qxe4+ Be7 14. N1c3 0-0 15. Nd5 Bc5 16. e3 Re8 17. Qf4 Rc8 18. Nd6 Bxd6 19. Qxd6 Ne5 20. b3 Rc5 21. Nc3 Qa8+ 22. e4 f5 23. f3 Re6 24. Qd4 Rh6 25. Nd5 Qe8 26. exf5 Qh5 27. h4 d6 28. Rae1 Kf8 29. f4 Qg4 30. Ne3 Qh5 31. fxe5 Rxe5 32. Ng4 1-0

[Event "SVK-chT2B 1112"]
[Site "Slovakia"]
[Date "2011.12.04"]
[Round "6.3"]
[White "Kral, Klaudia"]
[Black "Nemeth, Daniel"]
[Result "1-0"]
[WhiteElo "1914"]
[BlackElo "1956"]
[PlyCount "31"]
[EventDate "2011.10.08"]
[EventType "team-tourn"]
[EventRounds "11"]
[EventCountry "SVK"]
[SourceTitle "EXT 2013"]
[Source "ChessBase"]
[SourceDate "2012.11.22"]
[SourceVersion "1"]
[SourceVersionDate "2012.11.22"]
[SourceQuality "1"]
[WhiteTeam "Batorove Kosihy"]
[BlackTeam "Nove Zamky Basta"]
[WhiteTeamCountry "SVK"]
[BlackTeamCountry "SVK"]

1. e4 c5 2. Nf3 Nf6 3. e5 Nd5 4. c3 Nc6 5. d4 e6 6. c4 Nb6 7. d5 exd5 8. cxd5 Nb4 9. d6 f6 10. Nc3 g6 11. a3 Nc6 12. Nb5 Kf7 13. Nc7 Nxe5 14. Nxe5+ fxe5 15. Nxa8 Nxa8 16. Qd5+ 1-0

[Event "SVK-chT2B 1112"]
[Site "Slovakia"]
[Date "2011.11.05"]
[Round "3.3"]
[White "Psota, Roman"]
[Black "Nemeth, Daniel"]
[Result "1-0"]
[WhiteElo "1819"]
[BlackElo "1956"]
[PlyCount "99"]
[EventDate "2011.10.08"]
[EventType "team-tourn"]
[EventRounds "11"]
[EventCountry "SVK"]
[SourceTitle "EXT 2013"]
[Source "ChessBase"]
[SourceDate "2012.11.22"]
[SourceVersion "1"]
[SourceVersionDate "2012.11.22"]
[SourceQuality "1"]
[WhiteTeam "Trencin SK II"]
[BlackTeam "Nove Zamky Basta"]
[WhiteTeamCountry "SVK"]
[BlackTeamCountry "SVK"]

1. d4 d5 2. Nf3 e6 3. c4 dxc4 4. Nc3 Nf6 5. e4 Bb4 6. Bg5 c5 7. e5 h6 8. exf6 hxg5 9. fxg7 Rg8 10. dxc5 Qf6 11. Qd4 Qxd4 12. Nxd4 a6 13. Bxc4 Bxc5 14. 0-0-0 b5 15. Ne4 Bxd4 16. Rxd4 Ke7 17. Be2 Rxg7 18. Rhd1 Ra7 19. Nd6 Rc7+ 20. Kb1 Nc6 21. Nxc8+ Rxc8 22. Rd7+ Kf6 23. R7d6 g4 24. Rc1 Ne7 25. Rxc8 Nxc8 26. Rxa6 b4 27. Ra4 Ke5 28. Rxb4 f5 29. f3 Rh7 30. fxg4 Rxh2 31. Bf3 fxg4 32. Rxg4 Nb6 33. a4 Rh7 34. a5 Nd5 35. Bxd5 Kxd5 36. Kc2 Kc5 37. b4+ Kb5 38. Kb3 Rh5 39. Re4 Rg5 40. g4 Rd5 41. Kc3 Rg5 42. Rxe6 Rxg4 43. Re5+ Ka4 44. a6 Rg3+ 45. Kc4 Rg4+ 46. Kc5 Rg7 47. Re6 Rg5+ 48. Kc6 Kxb4 49. a7 Rg8 50. Re7 1-0

[Event "SVK-chT2B 1112"]
[Site "Slovakia"]
[Date "2011.10.09"]
[Round "2.6"]
[White "Dvoranova, Maria"]
[Black "Nemeth, Daniel"]
[Result "1/2-1/2"]
[WhiteElo "2066"]
[BlackElo "1956"]
[PlyCount "115"]
[EventDate "2011.10.08"]
[EventType "team-tourn"]
[EventRounds "11"]
[EventCountry "SVK"]
[SourceTitle "EXT 2013"]
[Source "ChessBase"]
[SourceDate "2012.11.22"]
[SourceVersion "1"]
[SourceVersionDate "2012.11.22"]
[SourceQuality "1"]
[WhiteTeam "Surany Lokomotiva"]
[BlackTeam "Nove Zamky Basta"]
[WhiteTeamCountry "SVK"]
[BlackTeamCountry "SVK"]

1. d4 d5 2. c4 dxc4 3. Qa4+ c6 4. Qxc4 Bf5 5. e3 Nf6 6. Bd3 Bxd3 7. Qxd3 e5 8. Ne2 exd4 9. exd4 Bd6 10. Nbc3 0-0 11. Bg5 Nbd7 12. 0-0-0 Qa5 13. Bd2 b5 14. Ne4 Bb4 15. Bxb4 Qxb4 16. Ng5 c5 17. Kb1 c4 18. Qf5 Rfc8 19. Nc3 Rab8 20. Nxh7 a5 21. Rhe1 Nxh7 22. Qxd7 a4 23. Re5 Nf6 24. Qf5 Qd6 25. Rxb5 Qxh2 26. Nxa4 Qxg2 27. Nc3 Rd8 28. Rxb8 Rxb8 29. d5 Rd8 30. a4 Qh2 31. Qc2 Qe5 32. Rh1 g6 33. Rd1 Nxd5 34. Ka1 Rd7 35. Nxd5 Rxd5 36. Rc1 Rc5 37. Kb1 Kg7 38. Qc3 Qxc3 39. Rxc3 Rf5 40. Rc2 Kf6 41. Ka2 Ke6 42. Ka3 Kd5 43. Kb4 Rf6 44. Rd2+ Kc6 45. Kxc4 Rf4+ 46. Kb3 Kb6 47. Ka3 Rf3+ 48. b3 Ka5 49. Rd5+ Kb6 50. a5+ Kc6 51. a6 Kb6 52. Rd6+ Kc7 53. a7 Kb7 54. Rd7+ Ka8 55. Ka4 Rxf2 56. Kb5 Rf5+ 57. Ka6 Rf6+ 58. Ka5 1/2-1/2

[Event "SVK-chT2B 10/11"]
[Site "Slovakia"]
[Date "2011.02.06"]
[Round "7.4"]
[White "Nemeth, Daniel"]
[Black "Nagy, Attila4"]
[Result "1-0"]
[WhiteElo "1960"]
[BlackElo "1904"]
[PlyCount "55"]
[EventDate "2010.10.23"]
[EventType "team-tourn"]
[EventRounds "11"]
[EventCountry "SVK"]
[SourceTitle "EXT 2019"]
[Source "ChessBase"]
[SourceDate "2018.10.10"]
[SourceVersion "1"]
[SourceVersionDate "2018.10.10"]
[SourceQuality "1"]
[WhiteTeam "Nove Zamky Basta II"]
[BlackTeam "Batorove Kosihy"]
[WhiteTeamCountry "SVK"]
[BlackTeamCountry "SVK"]

1. e4 e5 2. Nf3 Nc6 3. d4 exd4 4. Nxd4 Bc5 5. Be3 Qf6 6. c3 Nge7 7. Bc4 d6 8. 0-0 Qg6 9. Nb5 Ne5 10. Be2 Bh3 11. Bf3 Bxe3 12. Nxc7+ Kd7 13. Nxa8 Bf4 14. Kh1 Qh6 15. Rg1 Be6 16. g3 Bg5 17. Be2 Rxa8 18. Na3 Qh3 19. Bf1 Qh6 20. Be2 Bf6 21. f4 N5c6 22. Nb5 Nc8 23. f5 Qe3 24. fxe6+ fxe6 25. Qc2 Ne5 26. Rge1 Be7 27. Rad1 Nb6 28. Nxd6 1-0

[Event "SVK-chT2B 10/11"]
[Site "Slovakia"]
[Date "2011.02.05"]
[Round "6.4"]
[White "Nemeth, Daniel"]
[Black "Szilard, Ladislav"]
[Result "0-1"]
[WhiteElo "1960"]
[BlackElo "2125"]
[PlyCount "86"]
[EventDate "2010.10.23"]
[EventType "team-tourn"]
[EventRounds "11"]
[EventCountry "SVK"]
[SourceTitle "EXT 2019"]
[Source "ChessBase"]
[SourceDate "2018.10.10"]
[SourceVersion "1"]
[SourceVersionDate "2018.10.10"]
[SourceQuality "1"]
[WhiteTeam "Nove Zamky Basta II"]
[BlackTeam "Komarno KSC"]
[WhiteTeamCountry "SVK"]
[BlackTeamCountry "SVK"]

1. e4 e6 2. d3 d5 3. Nd2 c5 4. Ngf3 Nc6 5. g3 Nf6 6. Bg2 Be7 7. c3 0-0 8. 0-0 e5 9. Re1 d4 10. Nc4 Qc7 11. cxd4 cxd4 12. Bd2 b5 13. Ncxe5 Nxe5 14. Nxe5 Qxe5 15. Bf4 Qe6 16. e5 Nd5 17. Qb3 Rd8 18. Rac1 Nxf4 19. gxf4 Qxb3 20. axb3 Rb8 21. Rc7 Bb4 22. Re2 Bg4 23. Rec2 a5 24. Be4 g6 25. Ra7 Rbc8 26. Rcc7 Be6 27. Kg2 Bxb3 28. f5 gxf5 29. Bxf5 Bd5+ 30. Kg3 Rxc7 31. Rxc7 Be6 32. Be4 Rc8 33. Rxc8+ Bxc8 34. Bc6 Ba6 35. b3 Bd2 36. Kf3 a4 37. bxa4 bxa4 38. Ke2 a3 39. Bd5 Bf4 40. e6 fxe6 41. Bxe6+ Kg7 42. h3 Kf6 43. Bb3 Kg5 0-1

[Event "SVK-chT1W 1011"]
[Site "Slovakia"]
[Date "2010.11.07"]
[Round "2.7"]
[White "Nemeth, Daniel"]
[Black "Podoba, Milan"]
[Result "0-1"]
[WhiteElo "1960"]
[BlackElo "2167"]
[PlyCount "74"]
[EventDate "2010.11.06"]
[EventType "team-tourn"]
[EventRounds "11"]
[EventCountry "SVK"]
[SourceTitle "EXT 2012"]
[Source "ChessBase"]
[SourceDate "2011.11.24"]
[SourceVersion "1"]
[SourceVersionDate "2011.11.24"]
[SourceQuality "1"]
[WhiteTeam "Nove Zamky"]
[BlackTeam "Dubnica nad Vahom II"]
[WhiteTeamCountry "SVK"]
[BlackTeamCountry "SVK"]

1. d4 d5 2. c4 c6 3. Nf3 Nf6 4. Nc3 e6 5. Bg5 h6 6. Bh4 dxc4 7. e4 g5 8. Bg3 b5 9. e5 Nd5 10. Be2 Qa5 11. Qd2 Bb4 12. Rc1 Nd7 13. 0-0 N7b6 14. Qc2 Bxc3 15. bxc3 Na4 16. Qd2 Naxc3 17. h4 Nxe2+ 18. Qxe2 g4 19. Nd2 Qxa2 20. Qd1 h5 21. Ne4 a5 22. Nd6+ Ke7 23. Rc2 Qa3 24. Qd2 Qd3 25. Qg5+ Kf8 26. Rd2 Qg6 27. Qd8+ Kg7 28. Ne8+ Kh6 29. Qxd5 cxd5 30. Bf4+ Kh7 31. Nf6+ Kg7 32. Nxh5+ Rxh5 33. Bh6+ Qxh6 34. g3 Qxd2 35. Rd1 Qxd1+ 36. Kh2 Qf1 37. f4 gxf3 0-1

[Event "SVK-chT1W 0910"]
[Site "Slovakia"]
[Date "2010.03.07"]
[Round "11.1"]
[White "Sulek, Viliam"]
[Black "Nemeth, Daniel"]
[Result "1/2-1/2"]
[WhiteElo "2131"]
[BlackElo "1945"]
[PlyCount "40"]
[EventDate "2009.10.17"]
[EventType "team"]
[EventRounds "11"]
[EventCountry "SVK"]
[SourceTitle "EXT 2011"]
[Source "ChessBase"]
[SourceDate "2010.11.26"]
[SourceVersion "1"]
[SourceVersionDate "2010.11.26"]
[SourceQuality "1"]
[WhiteTeam "Bratislava Slovan II"]
[BlackTeam "Nove Zamky Basta"]
[WhiteTeamCountry "SVK"]
[BlackTeamCountry "SVK"]

1. e4 e6 2. d4 d5 3. e5 c5 4. c3 Nc6 5. Nf3 Qb6 6. Be2 cxd4 7. cxd4 Nh6 8. b3 Bb4+ 9. Kf1 Nf5 10. Bb2 Bd7 11. Nc3 Rc8 12. Na4 Qd8 13. a3 Be7 14. g3 0-0 15. Kg2 f6 16. Rc1 fxe5 17. dxe5 Na5 18. Rxc8 Qxc8 19. Nc3 Qc7 20. b4 Nc6 1/2-1/2

[Event "SVK-chT2B 0910"]
[Site "Slovakia"]
[Date "2010.02.27"]
[Round "10"]
[White "Belak, Stefan"]
[Black "Nemeth, Daniel"]
[Result "1/2-1/2"]
[WhiteElo "1922"]
[BlackElo "1945"]
[PlyCount "49"]
[EventDate "2009.10.10"]
[EventType "team"]
[EventRounds "11"]
[EventCountry "SVK"]
[SourceTitle "EXT 2011"]
[Source "ChessBase"]
[SourceDate "2010.11.26"]
[SourceVersion "1"]
[SourceVersionDate "2010.11.26"]
[SourceQuality "1"]
[WhiteTeam "Bystrica SKS II"]
[BlackTeam "Nove Zamky Basta II"]
[WhiteTeamCountry "SVK"]
[BlackTeamCountry "SVK"]

1. c4 e5 2. a3 g6 3. d3 Bg7 4. g3 Nc6 5. Bg2 Nge7 6. Nc3 0-0 7. e3 a5 8. Nge2 d6 9. 0-0 Be6 10. Nd5 Qd7 11. f4 f6 12. Bd2 Rac8 13. b4 axb4 14. axb4 Bxd5 15. cxd5 Nd8 16. Qb3 Kh8 17. b5 Nf7 18. Ra7 Rb8 19. Rc1 Qg4 20. Kf2 Rfc8 21. h3 Qd7 22. e4 Nd8 23. Be3 Ra8 24. Rxa8 Rxa8 25. Nc3 1/2-1/2

[Event "SVK-chT2B 0910"]
[Site "Slovakia"]
[Date "2010.02.06"]
[Round "8.7"]
[White "Varga, Alexander"]
[Black "Nemeth, Daniel"]
[Result "1/2-1/2"]
[WhiteElo "1927"]
[BlackElo "1945"]
[PlyCount "53"]
[EventDate "2009.10.10"]
[EventType "team"]
[EventRounds "11"]
[EventCountry "SVK"]
[SourceTitle "EXT 2011"]
[Source "ChessBase"]
[SourceDate "2010.11.26"]
[SourceVersion "1"]
[SourceVersionDate "2010.11.26"]
[SourceQuality "1"]
[WhiteTeam "Sala Slovan Duslo"]
[BlackTeam "Nove Zamky Basta II"]
[WhiteTeamCountry "SVK"]
[BlackTeamCountry "SVK"]

1. d4 d5 2. c4 dxc4 3. e3 e6 4. Bxc4 Nf6 5. Nc3 a6 6. a3 b5 7. Bd3 Bb7 8. Nf3 Be7 9. 0-0 0-0 10. Nd2 c5 11. Nde4 Nbd7 12. dxc5 Nxc5 13. Nxc5 Bxc5 14. Qc2 Qb6 15. Ne4 Nxe4 16. Bxe4 Bxe4 17. Qxe4 Rfd8 18. b4 Bf8 19. Bb2 Rac8 20. Rac1 Qb8 21. g3 Rd5 22. Rxc8 Qxc8 23. Rc1 Qb7 24. Kg2 g6 25. Bd4 Bg7 26. Bxg7 Kxg7 27. Rc5 1/2-1/2

[Event "SVK-chT1W 0910"]
[Site "Slovakia"]
[Date "2010.01.17"]
[Round "7.6"]
[White "Nemeth, Daniel"]
[Black "Podoba, Milan"]
[Result "0-1"]
[WhiteElo "1945"]
[BlackElo "2121"]
[PlyCount "50"]
[EventDate "2009.10.17"]
[EventType "team"]
[EventRounds "11"]
[EventCountry "SVK"]
[SourceTitle "EXT 2011"]
[Source "ChessBase"]
[SourceDate "2010.11.26"]
[SourceVersion "1"]
[SourceVersionDate "2010.11.26"]
[SourceQuality "1"]
[WhiteTeam "Nove Zamky Basta"]
[BlackTeam "Dubnica nad Vahom II"]
[WhiteTeamCountry "SVK"]
[BlackTeamCountry "SVK"]

1. e4 d5 2. exd5 Qxd5 3. Nc3 Qa5 4. Bc4 Nf6 5. d4 Bg4 6. f3 Bf5 7. Qe2 Nc6 8. Be3 0-0-0 9. 0-0-0 e6 10. Qf2 Be7 11. Nge2 h6 12. Ng3 Bg6 13. Nge4 Nd5 14. Bxd5 exd5 15. Nc5 Nb4 16. Nb3 Qa6 17. Rhe1 Bxc2 18. Rd2 Nd3+ 19. Rxd3 Bxd3 20. Bf4 Bb4 21. Qd2 Bc4 22. Kb1 Rhe8 23. Be3 Qg6+ 24. Ka1 Bxb3 25. axb3 Re6 0-1

[Event "SVK-chT1W 0910"]
[Site "Slovakia"]
[Date "2009.12.13"]
[Round "5.5"]
[White "Beres, Dominik"]
[Black "Nemeth, Daniel"]
[Result "1-0"]
[WhiteElo "2067"]
[BlackElo "1945"]
[PlyCount "115"]
[EventDate "2009.10.17"]
[EventType "team"]
[EventRounds "11"]
[EventCountry "SVK"]
[SourceTitle "EXT 2011"]
[Source "ChessBase"]
[SourceDate "2010.11.26"]
[SourceVersion "1"]
[SourceVersionDate "2010.11.26"]
[SourceQuality "1"]
[WhiteTeam "Tlmace"]
[BlackTeam "Nove Zamky Basta"]
[WhiteTeamCountry "SVK"]
[BlackTeamCountry "SVK"]

1. d4 d5 2. Nf3 Nf6 3. Bf4 Bf5 4. e3 e6 5. Nbd2 Nbd7 6. Nh4 Bg4 7. Nhf3 Be7 8. Be2 0-0 9. h3 Bh5 10. 0-0 c5 11. c3 Qb6 12. b3 Rac8 13. c4 Rfe8 14. a3 Bf8 15. dxc5 Nxc5 16. b4 Nce4 17. c5 Qd8 18. Rc1 a5 19. Bb5 Re7 20. Qc2 Nxd2 21. Qxd2 Bxf3 22. gxf3 e5 23. Bh2 Re6 24. Qb2 Nh5 25. Kh1 Qh4 26. Bd7 Qxh3 27. Bxe6 Qxf3+ 28. Kg1 fxe6 29. Qxe5 Qg4+ 30. Bg3 Be7 31. Kh2 Bf6 32. Qd6 Rd8 33. f3 Qg6 34. Qxe6+ Kh8 35. Qg4 Qh6 36. Kg2 Nxg3 37. Qxg3 Qxe3 38. Rce1 Qxa3 39. Qc7 h6 40. bxa5 Bh4 41. Rb1 Qe3 42. Kh3 Bf6 43. Rxb7 Qe2 44. Rbb1 Rf8 45. Rbe1 Qc4 46. c6 Qh4+ 47. Kg2 Bc3 48. Qe7 Rf6 49. Qe8+ Kh7 50. Rg1 Rg6+ 51. Qxg6+ Kxg6 52. c7 Bxe1 53. c8Q Qf2+ 54. Kh1+ Kh7 55. Qf5+ Kg8 56. Qxd5+ Kh7 57. Qe4+ Kg8 58. Rxe1 1-0